000 00267nam a22001217a 4500
008 171018b xxu||||| |||| 00| 0 eng d
041 _aeng
080 _a338
100 _a53
101 _aMEN
245 _aTHE PRACTICE OF MANAGEMENT
_cDRUCKER,P,F
942 _2udc
_cBK
999 _c34575
_d34575